[Event "DVM U14 2010"]
[Site "Magdeburg GER"]
[Date "2010.12.29"]
[Round "6"]
[White "Myagkov, Kirill"]
[Black "Grötzbach, Daniel"]
[Result "0-1"]
[Termination "normal"]
[Board "1.2"]
[WhiteElo "1829"]
[BlackElo "1775"]
[WhiteTeam "Noris-Tarrasch Nürnberg"]
[BlackTeam "Hamburger SK von 1830"]
[PlyCount "52"]
[WhiteFideId "24657042"]
[BlackFideId "24692166"]
[EventCountry "GER"]
[EventRounds "7"]
[EventType "team-swiss"]
[EventDate "2010.12.26"]

1. c4 Nf6 2. Nc3 g6 3. g3 Bg7 4. Bg2 d6 5. Nf3 O-O 6. O-O c5 7. d3 Nc6 8. e3
Bd7 9. d4 a6 10. d5 Na7 11. e4 b5 12. e5 Ne8 13. e6 fxe6 14. Ng5 e5 15. Ne6
Bxe6 16. dxe6 Rb8 17. cxb5 Nxb5 18. Ne4 Nd4 19. Ng5 Qc8 20. h4 h6 21. Nf7 Kh7
22. h5 Qxe6 23. Be4 Nf5 24. g4 Qxf7 25. hxg6+ Qxg6 26. Kh1 Ng3+ 0-1

[Event "DVM U14 2010"]
[Site "Magdeburg GER"]
[Date "2010.12.29"]
[Round "6"]
[White "Kramer, Julian"]
[Black "Yarsev, Alexander"]
[Result "1-0"]
[Termination "normal"]
[Board "1.3"]
[WhiteElo "1816"]
[BlackElo "1648"]
[WhiteTeam "Hamburger SK von 1830"]
[BlackTeam "Noris-Tarrasch Nürnberg"]
[PlyCount "109"]
[WhiteFideId "12921742"]
[BlackFideId "24690252"]
[EventCountry "GER"]
[EventRounds "7"]
[EventType "team-swiss"]
[EventDate "2010.12.26"]

1. e4 c5 2. Nf3 Nc6 3. d4 cxd4 4. Nxd4 e5 5. Nb5 d6 6. N1c3 a6 7. Na3 Nf6 8.
Bg5 b5 9. Nd5 Be7 10. Bxf6 Bxf6 11. c3 Bg5 12. Nc2 Be6 13. Ncb4 Nxb4 14. Nxb4
O-O 15. Be2 Kh8 16. O-O f5 17. Bd3 f4 18. Be2 Qf6 19. Bg4 Bxg4 20. Qxg4 f3 21.
Nd5 Qg6 22. gxf3 Rf7 23. Kh1 Raf8 24. Rg1 Rxf3 25. Qxg5 Rxf2 26. Qxg6 hxg6 27.
Ne7 Kh7 28. Nxg6 R8f6 29. Ne7 Rxb2 30. Rg2 Rff2 31. Rag1 g6 32. Rxf2 Rxf2 33.
Rxg6 Rxa2 34. Rxd6 Rc2 35. Rxa6 Rxc3 36. Rb6 Rc4 37. Nd5 Kg7 38. Rxb5 Rxe4 39.
Rb6 Re1+ 40. Kg2 Re2+ 41. Kg3 Rd2 42. Ne3 Rd3 43. Kf3 Rd2 44. Ng4 Rd3+ 45. Ke4
Rh3 46. Kxe5 Rh4 47. Kf5 Rh3 48. Kg5 Rh8 49. Rb7+ Kg8 50. Rb8+ Kg7 51. Rxh8
Kxh8 52. Kg6 Kg8 53. Ne5 Kh8 54. Nf7+ Kg8 55. h4 1-0

[Event "DVM U14 2010"]
[Site "Magdeburg GER"]
[Date "2010.12.29"]
[Round "6"]
[White "Neef, Maximilian"]
[Black "Urban, Lars"]
[Result "1/2-1/2"]
[Termination "normal"]
[Board "2.1"]
[WhiteElo "2003"]
[BlackElo "1881"]
[WhiteTeam "USV TU Dresden"]
[BlackTeam "SV Empor Erfurt"]
[PlyCount "92"]
[WhiteFideId "24692085"]
[BlackFideId "4644034"]
[EventCountry "GER"]
[EventRounds "7"]
[EventType "team-swiss"]
[EventDate "2010.12.26"]

1. d4 d5 2. c4 e6 3. Nf3 Be7 4. g3 Nf6 5. Bg2 O-O 6. O-O dxc4 7. Qc2 a6 8. a4
Bd7 9. Qxc4 Bc6 10. Nc3 Nbd7 11. Rd1 Bd6 12. Qd3 e5 13. dxe5 Bxe5 14. Nxe5 Nxe5
15. Qf5 Qd7 16. Bxc6 Nxc6 17. Bg5 Qe6 18. Qxe6 fxe6 19. Bxf6 gxf6 20. Ne4 Rf7
21. Nc5 Re7 22. Nxb7 Rb8 23. Rac1 Rxb7 24. Rxc6 Rxb2 25. e3 Rb6 26. Rdc1 a5 27.
R6c5 Ra6 28. Rxc7 Rf7 29. Kg2 Kg7 30. Rxf7+ Kxf7 31. Rc5 e5 32. g4 Ke6 33. Kg3
Kd6 34. Rb5 Ra7 35. Kf3 Kc6 36. Ke4 Rg7 37. h3 h5 38. gxh5 Rg5 39. Rxa5 f5+ 40.
Kf3 f4 41. exf4 e4+ 42. Kxe4 Rxa5 43. f5 Rxa4+ 44. Ke5 Rh4 45. Ke6 Rxh5 46. f6
Rxh3 1/2-1/2

[Event "DVM U14 2010"]
[Site "Magdeburg GER"]
[Date "2010.12.29"]
[Round "6"]
[White "Zahn, Alina"]
[Black "Teich, Thomas"]
[Result "0-1"]
[Termination "normal"]
[Board "2.2"]
[WhiteElo "1584"]
[BlackElo "1629"]
[WhiteTeam "SV Empor Erfurt"]
[BlackTeam "USV TU Dresden"]
[PlyCount "74"]
[WhiteFideId "24696730"]
[EventCountry "GER"]
[EventRounds "7"]
[EventType "team-swiss"]
[EventDate "2010.12.26"]

1. e4 e6 2. d4 d5 3. Nc3 Nf6 4. Bg5 Bb4 5. e5 h6 6. Bd2 Bxc3 7. bxc3 Ne4 8. Qg4
Kf8 9. h4 c5 10. Bd3 Nxd2 11. Kxd2 c4 12. Be2 b5 13. a3 Nc6 14. Rh3 a5 15. Rg3
Rg8 16. Qf4 Qe7 17. Bh5 Ke8 18. Rf3 Rf8 19. Qg3 g6 20. Bg4 Rb8 21. Re3 b4 22.
axb4 axb4 23. Nf3 b3 24. cxb3 cxb3 25. Rb1 Qa3 26. Ree1 b2 27. Ng1 Na5 28. Be2
Nc4+ 29. Bxc4 dxc4 30. Qf3 Bb7 31. Qe2 Bd5 32. g3 Kd7 33. Qd1 Rb7 34. Re2 Rb3
35. Re3 Ra8 36. Re1 Rxc3 37. Ke2 Be4 0-1

[Event "DVM U14 2010"]
[Site "Magdeburg GER"]
[Date "2010.12.29"]
[Round "6"]
[White "Thamm, Merlin Jannes"]
[Black "Schneider, Jan"]
[Result "1-0"]
[Termination "normal"]
[Board "2.3"]
[WhiteElo "1735"]
[BlackElo "1765"]
[WhiteTeam "USV TU Dresden"]
[BlackTeam "SV Empor Erfurt"]
[PlyCount "89"]
[WhiteFideId "24695564"]
[BlackFideId "24678716"]
[EventCountry "GER"]
[EventRounds "7"]
[EventType "team-swiss"]
[EventDate "2010.12.26"]

1. e4 e5 2. Nf3 Nc6 3. Bc4 Nf6 4. d3 Bc5 5. c3 O-O 6. a4 a5 7. O-O d6 8. Nbd2
Be6 9. h3 Bb6 10. Re1 Re8 11. Nf1 Qe7 12. Ng3 Bxc4 13. dxc4 Qe6 14. Qd3 h6 15.
Nf5 Ne7 16. N3h4 Nxf5 17. Nxf5 Nh5 18. Qf3 Qg6 19. Kh2 Nf6 20. b3 Qh5 21. g4
Qg6 22. Rg1 Nh7 23. h4 Kf8 24. Bd2 Qf6 25. g5 hxg5 26. hxg5 Qg6 27. Nh4 Qe6 28.
Qh5 Kg8 29. g6 Nf6 30. gxf7+ Qxf7 31. Qf3 Rf8 32. Nf5 Qh5+ 33. Qxh5 Nxh5 34.
Rg5 g6 35. Rxg6+ Kf7 36. Rg2 Rh8 37. Kg1 Nf4 38. Bxf4 exf4 39. Rd1 Rag8 40. Rd3
Rxg2+ 41. Kxg2 Rg8+ 42. Kf3 Kf6 43. Rd2 Ke5 44. Rd5+ Kf6 45. Nxd6 1-0

[Event "DVM U14 2010"]
[Site "Magdeburg GER"]
[Date "2010.12.29"]
[Round "6"]
[White "Scheuch, Benjamin"]
[Black "Schulte, Heiko"]
[Result "0-1"]
[Termination "normal"]
[Board "2.4"]
[WhiteElo "1510"]
[BlackElo "1387"]
[WhiteTeam "SV Empor Erfurt"]
[BlackTeam "USV TU Dresden"]
[PlyCount "76"]
[EventCountry "GER"]
[EventRounds "7"]
[EventType "team-swiss"]
[EventDate "2010.12.26"]

1. e4 e5 2. Nf3 Nc6 3. Bc4 Bc5 4. c3 Nf6 5. d3 a6 6. Bb3 O-O 7. Bg5 d6 8. Nbd2
Be6 9. Nf1 Re8 10. Ng3 Bb6 11. O-O h6 12. Be3 Qd7 13. d4 Bxb3 14. Qxb3 exd4 15.
Nxd4 Nxe4 16. Nxe4 Rxe4 17. Nxc6 Qxc6 18. Bxb6 Qxb6 19. Qxb6 cxb6 20. Rfd1 Rae8
21. Kf1 R8e6 22. Rd2 Kf8 23. Rad1 Ke7 24. b3 b5 25. Rd4 Re2 26. R4d2 Rxd2 27.
Rxd2 Re5 28. Rd3 Ke6 29. f3 Kd7 30. Kf2 Kc6 31. Rd2 Rc5 32. Rc2 d5 33. Ke3 b4
34. c4 dxc4 35. bxc4 a5 36. Kd4 Kd6 37. f4 b5 38. Kd3 a4 0-1

[Event "DVM U14 2010"]
[Site "Magdeburg GER"]
[Date "2010.12.29"]
[Round "6"]
[White "Sawlin, Leonid"]
[Black "Knopf, Felix"]
[Result "1/2-1/2"]
[Termination "normal"]
[Board "3.1"]
[WhiteElo "1940"]
[BlackElo "1718"]
[WhiteTeam "TuS Makkabi Berlin"]
[BlackTeam "SV Merseburg"]
[PlyCount "46"]
[WhiteFideId "4689542"]
[BlackFideId "24692204"]
[EventCountry "GER"]
[EventRounds "7"]
[EventType "team-swiss"]
[EventDate "2010.12.26"]

1. e4 c5 2. Nf3 d6 3. d4 cxd4 4. Nxd4 Nf6 5. Nc3 a6 6. Be3 e6 7. f3 Be7 8. Qd2
b5 9. O-O-O h5 10. Kb1 Bb7 11. Rg1 Nbd7 12. Bg5 Qc7 13. Bd3 Rc8 14. Rde1 Nc5
15. Nb3 Qb8 16. Nd1 Qc7 17. Nf2 Qd8 18. h4 Nfd7 19. Na5 Ba8 20. Rh1 Bf6 21. f4
Na4 22. Bxf6 Nxf6 23. Nb3 Qc7 1/2-1/2

[Event "DVM U14 2010"]
[Site "Magdeburg GER"]
[Date "2010.12.29"]
[Round "6"]
[White "Hoffmann, Dustin"]
[Black "Lagunow, Elina"]
[Result "0-1"]
[Termination "normal"]
[Board "3.2"]
[WhiteElo "1751"]
[BlackElo "1759"]
[WhiteTeam "SV Merseburg"]
[BlackTeam "TuS Makkabi Berlin"]
[PlyCount "70"]
[WhiteFideId "1270566"]
[BlackFideId "4673387"]
[EventCountry "GER"]
[EventRounds "7"]
[EventType "team-swiss"]
[EventDate "2010.12.26"]

1. e4 c5 2. Nf3 Nc6 3. d4 cxd4 4. Nxd4 g6 5. Be3 Nf6 6. Nc3 Bg7 7. Be2 O-O 8.
O-O d5 9. exd5 Nb4 10. Bf3 Nbxd5 11. Nxd5 Nxd5 12. Bxd5 Qxd5 13. c3 e5 14. Nf3
Qc6 15. Re1 Re8 16. Qc2 Be6 17. Rad1 f5 18. Bd2 Bd7 19. Re2 e4 20. Ne1 Qc7 21.
f3 exf3 22. Rxe8+ Rxe8 23. Nxf3 Qb6+ 24. Kh1 Bc6 25. Nd4 Bd5 26. a3 Bxd4 27.
cxd4 Bb3 28. Qc1 Bxd1 29. Qxd1 Qxb2 30. Bb4 Rc8 31. Bc5 b6 32. Qe1 Qa2 33. Bb4
Qd5 34. h3 a5 35. Bd2 Qe4 0-1

[Event "DVM U14 2010"]
[Site "Magdeburg GER"]
[Date "2010.12.29"]
[Round "6"]
[White "Lagunow, Raphael"]
[Black "Jacob, Hannes"]
[Result "1/2-1/2"]
[Termination "normal"]
[Board "3.3"]
[WhiteElo "1609"]
[BlackElo "1532"]
[WhiteTeam "TuS Makkabi Berlin"]
[BlackTeam "SV Merseburg"]
[PlyCount "63"]
[WhiteFideId "24652644"]
[BlackFideId "12910350"]
[EventCountry "GER"]
[EventRounds "7"]
[EventType "team-swiss"]
[EventDate "2010.12.26"]

1. e4 e5 2. Nf3 Nc6 3. Nc3 Nf6 4. d4 exd4 5. Nxd4 Nxd4 6. Qxd4 b6 7. Bg5 Be7 8.
O-O-O Bb7 9. f3 h6 10. Bxf6 Bxf6 11. e5 c5 12. Qd6 Be7 13. Qd3 Bc6 14. Be2 a6
15. f4 b5 16. Bf3 c4 17. Qd4 Bxf3 18. gxf3 b4 19. Nd5 b3 20. a3 Bxa3 21. bxa3
Qa5 22. Qb2 O-O 23. Rhg1 bxc2 24. Qxc2 Qxa3+ 25. Kd2 Kh8 26. Ke2 Rab8 27. Rb1
Rb3 28. Ra1 Qc5 29. Ne3 Rfb8 30. Rgb1 Qd4 31. Rxb3 Rxb3 32. Rxa6 1/2-1/2

[Event "DVM U14 2010"]
[Site "Magdeburg GER"]
[Date "2010.12.29"]
[Round "6"]
[White "Le Hong, Quang Anh"]
[Black "Polutskyi, Sergii"]
[Result "0-1"]
[Termination "normal"]
[Board "3.4"]
[WhiteElo "1492"]
[BlackElo "1754"]
[WhiteTeam "SV Merseburg"]
[BlackTeam "TuS Makkabi Berlin"]
[PlyCount "44"]
[WhiteFideId "12927589"]
[BlackFideId "14129310"]
[EventCountry "GER"]
[EventRounds "7"]
[EventType "team-swiss"]
[EventDate "2010.12.26"]

1. Nf3 d5 2. g3 Nf6 3. Bg2 e6 4. d3 Bd6 5. O-O O-O 6. c3 e5 7. b4 h6 8. Bb2 Re8
9. Qc2 Bf5 10. Qb3 c6 11. c4 Be6 12. Nxe5 dxc4 13. dxc4 Bxe5 14. Bxe5 Bxc4 15.
Bxf6 Qxf6 16. Qxc4 Qxa1 17. Nc3 Qb2 18. Rd1 Na6 19. Rd7 Rf8 20. Rxb7 Rab8 21.
Na4 Qb1+ 22. Bf1 Rxb7 0-1

[Event "DVM U14 2010"]
[Site "Magdeburg GER"]
[Date "2010.12.29"]
[Round "6"]
[White "Noe, Christopher"]
[Black "Berkes, Alexander"]
[Result "1-0"]
[Termination "normal"]
[Board "4.1"]
[WhiteElo "1859"]
[BlackElo "1842"]
[WhiteTeam "SC Eppingen"]
[BlackTeam "SK Langen"]
[PlyCount "69"]
[WhiteFideId "24692018"]
[BlackFideId "12901636"]
[EventCountry "GER"]
[EventRounds "7"]
[EventType "team-swiss"]
[EventDate "2010.12.26"]

1. c4 e5 2. Nc3 Nf6 3. g3 Bc5 4. Bg2 c6 5. e3 Qe7 6. d3 d6 7. Nge2 Be6 8. O-O
Nbd7 9. d4 Bb6 10. b3 exd4 11. exd4 d5 12. cxd5 Nxd5 13. Nxd5 cxd5 14. Nf4 Nf6
15. a4 Bc7 16. Re1 Rd8 17. Ba3 Bd6 18. Bxd6 Qxd6 19. Qe2 Kd7 20. Rac1 a6 21.
Nd3 Qb6 22. a5 Qb5 23. Nc5+ Ke7 24. Qxb5 axb5 25. Nxb7 Rc8 26. Nc5 Rhe8 27. b4
Kd6 28. Nb7+ Kd7 29. Bf1 Rxc1 30. Rxc1 Rc8 31. Bxb5+ Ke7 32. Rxc8 Bxc8 33. a6
Nd7 34. Bc6 Nb6 35. a7 1-0

[Event "DVM U14 2010"]
[Site "Magdeburg GER"]
[Date "2010.12.29"]
[Round "6"]
[White "Franz, Attila"]
[Black "Hahn, Cedric"]
[Result "1/2-1/2"]
[Termination "normal"]
[Board "4.2"]
[WhiteElo "1546"]
[BlackElo "1579"]
[WhiteTeam "SK Langen"]
[BlackTeam "SC Eppingen"]
[PlyCount "34"]
[WhiteFideId "12927570"]
[BlackFideId "12910538"]
[EventCountry "GER"]
[EventRounds "7"]
[EventType "team-swiss"]
[EventDate "2010.12.26"]

1. e4 e6 2. Nf3 d5 3. exd5 exd5 4. d4 Bd6 5. Be3 Bf5 6. Bd3 Bg6 7. O-O Nf6 8.
Re1 O-O 9. c3 c6 10. Bg5 Nbd7 11. Bxg6 hxg6 12. Qc2 Qc7 13. Nbd2 Rae8 14. h3
Rxe1+ 15. Rxe1 Re8 16. Rxe8+ Nxe8 17. Qd3 Nef6 1/2-1/2

[Event "DVM U14 2010"]
[Site "Magdeburg GER"]
[Date "2010.12.29"]
[Round "6"]
[White "Essig, Philipp"]
[Black "Anders, Eric"]
[Result "0-1"]
[Termination "normal"]
[Board "4.3"]
[WhiteElo "1272"]
[BlackElo "1710"]
[WhiteTeam "SC Eppingen"]
[BlackTeam "SK Langen"]
[PlyCount "86"]
[BlackFideId "1272110"]
[EventCountry "GER"]
[EventRounds "7"]
[EventType "team-swiss"]
[EventDate "2010.12.26"]

1. e4 e5 2. Nf3 Nc6 3. Bb5 a6 4. Ba4 Bc5 5. c3 b5 6. Bb3 Nf6 7. d4 exd4 8. cxd4
Bb4+ 9. Nc3 Nxe4 10. Qe2 Bxc3+ 11. bxc3 Qe7 12. Bb2 Nf6 13. Qxe7+ Nxe7 14. O-O
O-O 15. Rfe1 Ng6 16. a4 Bb7 17. Nd2 Nf4 18. f3 Nd3 19. Re3 Nxb2 20. Rb1 bxa4
21. Bxa4 Nxa4 22. Rxb7 Nb6 23. Ne4 Nfd5 24. Re1 Rfb8 25. Rxb8+ Rxb8 26. Kf2 a5
27. Ra1 Ra8 28. g3 a4 29. Ke2 a3 30. Kd3 Ra4 31. Nc5 Ra8 32. Nb3 Na4 33. c4
Nb2+ 34. Kc2 Ne3+ 35. Kc3 Nexc4 36. Nc5 d5 37. Nb3 Re8 38. Nd2 Re3+ 39. Kc2 Re2
40. Kb3 Rxd2 41. Kc3 Rxh2 42. Re1 Kf8 43. Kb3 Rf2 0-1

[Event "DVM U14 2010"]
[Site "Magdeburg GER"]
[Date "2010.12.29"]
[Round "6"]
[White "Thomas, Tobias"]
[Black "Bay, Nicolai"]
[Result "1/2-1/2"]
[Termination "normal"]
[Board "4.4"]
[WhiteElo "1309"]
[BlackElo "1024"]
[WhiteTeam "SK Langen"]
[BlackTeam "SC Eppingen"]
[PlyCount "44"]
[WhiteFideId "12920223"]
[BlackFideId "12927619"]
[EventCountry "GER"]
[EventRounds "7"]
[EventType "team-swiss"]
[EventDate "2010.12.26"]

1. e4 b6 2. d4 Bb7 3. Nc3 e6 4. Bf4 Bb4 5. d5 exd5 6. exd5 Nf6 7. Bc4 O-O 8.
Nge2 Be7 9. Qd3 a5 10. Nb5 d6 11. Nbc3 Na6 12. Nd4 Nc5 13. Qf3 Re8 14. O-O-O
Qc8 15. h4 a4 16. h5 a3 17. b3 Qg4 18. Qxg4 Nxg4 19. f3 Nf2 20. Rdg1 Nxh1 21.
Rxh1 Bf6 22. Ncb5 Bxd4 1/2-1/2

[Event "DVM U14 2010"]
[Site "Magdeburg GER"]
[Date "2010.12.29"]
[Round "6"]
[White "Meißner, Peter"]
[Black "Simanowski, Mio"]
[Result "0-1"]
[Termination "normal"]
[Board "5.1"]
[WhiteElo "1571"]
[BlackElo "1859"]
[WhiteTeam "Brackweder SK"]
[BlackTeam "SV Mülheim Nord"]
[PlyCount "86"]
[BlackFideId "24687154"]
[EventCountry "GER"]
[EventRounds "7"]
[EventType "team-swiss"]
[EventDate "2010.12.26"]

1. e4 e5 2. Nf3 Nc6 3. d4 exd4 4. Nxd4 Nf6 5. Nxc6 bxc6 6. e5 Nd5 7. c4 Nb6 8.
Nc3 Ba6 9. b3 Bb4 10. Bb2 Qg5 11. Qd4 Bb7 12. c5 Nd5 13. g3 Qe7 14. a3 Bxc5 15.
Qe4 Bxf2+ 16. Kxf2 Qc5+ 17. Kg2 Nxc3 18. Bxc3 Qxc3 19. Bc4 Qd2+ 20. Kf3 Qg5 21.
Rhf1 Qg6 22. Qf4 O-O 23. Rad1 Rad8 24. g4 d6 25. Kg3 Bc8 26. Rf3 d5 27. Bd3 Qe6
28. Rg1 f6 29. Rgf1 Rde8 30. Qa4 Qxe5+ 31. Kg2 Qd6 32. h3 Bd7 33. b4 c5 34. Qc2
h6 35. bxc5 Qe6 36. R1f2 Bc6 37. Re2 Qd7 38. Kg1 Rxe2 39. Bxe2 Re8 40. Rf2 Re3
41. Qg6 Qe8 42. Rxf6 Qxg6 43. Rxg6 Be8 0-1

[Event "DVM U14 2010"]
[Site "Magdeburg GER"]
[Date "2010.12.29"]
[Round "6"]
[White "Schmitt, Matthias"]
[Black "Kremer, Moritz"]
[Result "1/2-1/2"]
[Termination "normal"]
[Board "5.3"]
[WhiteElo "1444"]
[BlackElo "1582"]
[WhiteTeam "Brackweder SK"]
[BlackTeam "SV Mülheim Nord"]
[PlyCount "89"]
[WhiteFideId "12927643"]
[BlackFideId "1270623"]
[EventCountry "GER"]
[EventRounds "7"]
[EventType "team-swiss"]
[EventDate "2010.12.26"]

1. e4 e5 2. Nf3 Nc6 3. Bc4 Bc5 4. O-O Nf6 5. d4 Bxd4 6. Nxd4 Nxd4 7. Bg5 h6 8.
Bh4 Nc6 9. Qd3 d6 10. Nd2 Be6 11. Bd5 Bxd5 12. exd5 Ne7 13. Bxf6 gxf6 14. Ne4
f5 15. Nf6+ Kf8 16. Rfe1 Ng8 17. Nxg8 Rxg8 18. Qxf5 Qg5 19. Qxg5 hxg5 20. g3 g4
21. Kg2 Rh8 22. Re2 f5 23. f3 Ke7 24. fxg4 fxg4 25. Re4 Rhg8 26. Rc4 Rac8 27.
Rb4 b6 28. Rc4 Kd7 29. Rf1 Rg7 30. h3 gxh3+ 31. Kxh3 c5 32. Re4 Ke7 33. Rh1
Rh8+ 34. Rh4 Rxh4+ 35. gxh4 Rf7 36. Kg3 Rg7+ 37. Kf3 Kf6 38. Rh2 b5 39. c3 Kg6
40. Rg2+ Kh6 41. Rh2 Kh5 42. Ke4 Rf7 43. Rg2 Rf4+ 44. Ke3 Rf7 45. Ke4 1/2-1/2

[Event "DVM U14 2010"]
[Site "Magdeburg GER"]
[Date "2010.12.29"]
[Round "6"]
[White "Vavro, Maximilian"]
[Black "Hoffmann, Thiemo"]
[Result "0-1"]
[Termination "normal"]
[Board "5.4"]
[WhiteElo "1539"]
[BlackElo "1401"]
[WhiteTeam "SV Mülheim Nord"]
[BlackTeam "Brackweder SK"]
[PlyCount "82"]
[WhiteFideId "12918954"]
[EventCountry "GER"]
[EventRounds "7"]
[EventType "team-swiss"]
[EventDate "2010.12.26"]

1. Nf3 c5 2. g3 Nc6 3. Bg2 g6 4. c4 Bg7 5. Nc3 Nf6 6. O-O O-O 7. d3 d6 8. Bg5
Qc7 9. Qd2 a6 10. Bh6 b6 11. Bxg7 Kxg7 12. a3 Bb7 13. Rab1 Rad8 14. b4 Rfe8 15.
b5 Na7 16. bxa6 Bxa6 17. Qb2 Rb8 18. Nd5 Qd8 19. Nxf6 exf6 20. Rfe1 Qc7 21. Ng5
Nc8 22. Bd5 Re5 23. f4 Rxd5 24. cxd5 Ne7 25. Ne4 Nxd5 26. Nc3 Ne3 27. Na4 Qc6
28. Kf2 Ng4+ 29. Kg1 Qxa4 30. Rf1 Qc6 31. Qd2 Re8 32. e4 f5 33. exf5 gxf5 34.
Rfe1 Bb7 35. Qb2+ f6 36. Re4 fxe4 37. Qe2 h5 38. h3 exd3 39. Qxg4+ hxg4 40. Rb2
Qh1+ 41. Kf2 Qg2# 0-1

[Event "DVM U14 2010"]
[Site "Magdeburg GER"]
[Date "2010.12.29"]
[Round "6"]
[White "Viereck, Marten"]
[Black "Mittelstädt, Joel"]
[Result "0-1"]
[Termination "normal"]
[Board "6.1"]
[WhiteElo "1915"]
[BlackElo "1643"]
[WhiteTeam "SV Dresden-Striessen 1990"]
[BlackTeam "SC GW Baumschulenweg"]
[PlyCount "56"]
[WhiteFideId "24692190"]
[BlackFideId "12910368"]
[EventCountry "GER"]
[EventRounds "7"]
[EventType "team-swiss"]
[EventDate "2010.12.26"]

1. Nf3 c6 2. g3 d5 3. Bg2 Nf6 4. O-O Bf5 5. d4 e6 6. Bg5 Bd6 7. Ne5 Nbd7 8.
Nxd7 Qxd7 9. Bxf6 gxf6 10. c4 h5 11. Nd2 h4 12. e4 dxe4 13. Nxe4 Bxe4 14. Bxe4
hxg3 15. fxg3 f5 16. Bg2 Qc7 17. Qf3 O-O-O 18. d5 Rdg8 19. dxc6 Bc5+ 20. Kh1
Rxg3 21. cxb7+ Kb8 22. Qc6 Rxh2+ 23. Kxh2 Rxg2+ 24. Kxg2 Qxc6+ 25. Kh3 Qe4 26.
b3 Qg4+ 27. Kh2 Bd6+ 28. Kh1 Qh3+ 0-1

[Event "DVM U14 2010"]
[Site "Magdeburg GER"]
[Date "2010.12.29"]
[Round "6"]
[White "Colakovic, Dani"]
[Black "Walczak, Charley"]
[Result "1/2-1/2"]
[Termination "normal"]
[Board "6.4"]
[WhiteElo "1195"]
[BlackElo "1131"]
[WhiteTeam "SC GW Baumschulenweg"]
[BlackTeam "SV Dresden-Striessen 1990"]
[PlyCount "57"]
[BlackFideId "12927686"]
[EventCountry "GER"]
[EventRounds "7"]
[EventType "team-swiss"]
[EventDate "2010.12.26"]

1. d4 d5 2. Nf3 Nf6 3. e3 c6 4. Bd3 Bg4 5. Nbd2 g6 6. O-O Bg7 7. Re1 Qa5 8. c3
Nbd7 9. Qb3 b5 10. e4 Be6 11. Ng5 Rb8 12. Ndf3 c5 13. Qd1 Bg4 14. dxc5 Nxc5 15.
b4 Qc7 16. bxc5 Qxc5 17. Rb1 h6 18. Nh3 Qxc3 19. a4 Bxf3 20. gxf3 dxe4 21. fxe4
Rd8 22. Bxb5+ Nd7 23. Bb2 Qxh3 24. Bxg7 Rg8 25. Rb3 Qe6 26. Bxh6 g5 27. Rd3 Rg6
28. Bf8 Rg8 29. Bxe7 1/2-1/2

[Event "DVM U14 2010"]
[Site "Magdeburg GER"]
[Date "2010.12.29"]
[Round "6"]
[White "Kieslich, Aaron"]
[Black "Bitter, Frank"]
[Result "1-0"]
[Termination "normal"]
[Board "7.1"]
[WhiteElo "1831"]
[BlackElo "1641"]
[WhiteTeam "TuS Coswig 1920"]
[BlackTeam "SC Weiße Dame Ulm"]
[PlyCount "65"]
[WhiteFideId "1270391"]
[BlackFideId "12922722"]
[EventCountry "GER"]
[EventRounds "7"]
[EventType "team-swiss"]
[EventDate "2010.12.26"]

1. e4 c6 2. d4 d5 3. e5 Bf5 4. Bd3 Bxd3 5. Qxd3 e6 6. Ne2 c5 7. c3 Nc6 8. O-O
a6 9. a3 Nge7 10. Nd2 b5 11. f4 c4 12. Qh3 Nf5 13. Nf3 g6 14. g4 Ng7 15. Qg2
Qd7 16. Be3 h5 17. h3 Be7 18. Bf2 hxg4 19. hxg4 a5 20. Be3 a4 21. Kf2 O-O-O 22.
Rh1 f6 23. Ke1 Rdg8 24. Kd2 Na5 25. Kc2 Qe8 26. Rxh8 Rxh8 27. Rh1 f5 28. gxf5
Rxh1 29. Qxh1 Nxf5 30. Bf2 g5 31. Qh7 gxf4 32. Nxf4 Kd7 33. Ng5 1-0

[Event "DVM U14 2010"]
[Site "Magdeburg GER"]
[Date "2010.12.29"]
[Round "6"]
[White "Deutsch, Julius"]
[Black "Linnemann, Niklas"]
[Result "0-1"]
[Termination "normal"]
[Board "7.2"]
[WhiteElo "1293"]
[BlackElo "1861"]
[WhiteTeam "SC Weiße Dame Ulm"]
[BlackTeam "TuS Coswig 1920"]
[PlyCount "46"]
[BlackFideId "24695645"]
[EventCountry "GER"]
[EventRounds "7"]
[EventType "team-swiss"]
[EventDate "2010.12.26"]

1. d4 Nf6 2. c4 g6 3. Nc3 d5 4. e3 Bg7 5. Nf3 O-O 6. Be2 c5 7. O-O dxc4 8. Bxc4
Nc6 9. dxc5 Qa5 10. Qe2 Qxc5 11. Rd1 Bg4 12. Bb3 Ne5 13. e4 a6 14. Be3 Qc6 15.
Rac1 Bxf3 16. gxf3 Qc8 17. Nd5 Qh3 18. Nxe7+ Kh8 19. Bf4 Nxf3+ 20. Kh1 Bh6 21.
Bg3 Bxc1 22. Qxf3 Bxb2 23. Nd5 Qg4 0-1

[Event "DVM U14 2010"]
[Site "Magdeburg GER"]
[Date "2010.12.29"]
[Round "6"]
[White "Pührer, Anne"]
[Black "Kelemen, Alexander"]
[Result "1/2-1/2"]
[Termination "normal"]
[Board "7.3"]
[WhiteElo "1714"]
[BlackElo "1384"]
[WhiteTeam "TuS Coswig 1920"]
[BlackTeam "SC Weiße Dame Ulm"]
[PlyCount "48"]
[WhiteFideId "24692247"]
[EventCountry "GER"]
[EventRounds "7"]
[EventType "team-swiss"]
[EventDate "2010.12.26"]

1. e4 c5 2. Nf3 e6 3. d4 cxd4 4. Nxd4 Nc6 5. Nc3 Nf6 6. Ndb5 a6 7. Na3 b5 8.
Bxb5 axb5 9. Naxb5 Ba6 10. Bf4 Bxb5 11. Nxb5 Qa5+ 12. Nc3 Nxe4 13. Bd2 Nxd2 14.
Qxd2 Qe5+ 15. Qe2 Qxe2+ 16. Nxe2 Bc5 17. O-O Ke7 18. c3 Rhb8 19. b4 Bd6 20. a4
Rb7 21. Ra2 Rba7 22. Rfa1 Be5 23. b5 Na5 24. Rb1 Rb8 1/2-1/2

[Event "DVM U14 2010"]
[Site "Magdeburg GER"]
[Date "2010.12.29"]
[Round "6"]
[White "Boeck, Anton"]
[Black "Bechler, Lukas"]
[Result "0-1"]
[Termination "normal"]
[Board "7.4"]
[WhiteElo "1202"]
[BlackElo "1430"]
[WhiteTeam "SC Weiße Dame Ulm"]
[BlackTeam "TuS Coswig 1920"]
[PlyCount "58"]
[BlackFideId "12927597"]
[EventCountry "GER"]
[EventRounds "7"]
[EventType "team-swiss"]
[EventDate "2010.12.26"]

1. e4 e6 2. d4 d5 3. exd5 exd5 4. Nf3 Bd6 5. Nc3 c6 6. Bd3 Nf6 7. Qe2+ Be7 8.
Ne5 O-O 9. Be3 Nbd7 10. O-O Qc7 11. f4 b6 12. b3 Bb7 13. Nd1 Bd6 14. g3 c5 15.
c4 cxd4 16. Bxd4 Rfe8 17. Re1 Nc5 18. Nc3 a6 19. Qc2 h6 20. Bf5 dxc4 21. bxc4
Ncd7 22. Nxd7 Nxd7 23. Bxd7 Qxd7 24. Bxb6 Qc6 25. Nd5 Bc5+ 26. Bxc5 Qxc5+ 27.
Kg2 Bxd5+ 28. Kf1 Bxc4+ 29. Kg2 Bd5+ 0-1